000 01421cam a2200325 i 4500
001 18189190
003 OSt
005 20251128141238.0
008 140616s2014 ilu 000 0 eng
010 _a 2014022810
020 _a9780830836833
_qhardcover : alk. paper
035 _a18189190
040 _aDLC
_beng
_cDLC
_erda
_dDLC
042 _apcc
050 0 0 _aBV4501.3
_b.L327 2014
082 0 0 _a248.4
_223
100 1 _aLabberton, Mark,
_d1953-
245 1 0 _aCalled :
_bthe crisis and promise of following Jesus today /
_cMark Labberton.
264 1 _aDowners Grove :
_bIVP Books/an imprint InterVarsity Press,
_c[2014]
300 _a174 pages ;
_c19 cm
336 _atext
_btxt
_2rdacontent
337 _aunmediated
_bn
_2rdamedia
338 _avolume
_bnc
_2rdacarrier
504 _aIncludes bibliographical references.
505 0 _aA life abundant -- Called to flourish -- A lost church in a lost world -- The primary call -- Relocating: where are we called? -- Reorienting: how are we called? -- Refocusing: to whom and to what are we called? -- The way of the beloved -- The way of wisdom -- The way of suffering -- So, what does God call me to do? -- First things, light and salt.
650 0 _aChristian life.
906 _a7
_bcbc
_corignew
_d1
_eecip
_f20
_gy-gencatlg
942 _2lcc
_cBK
999 _c20783
_d20782